Накопление радионуклидов в городских постройках; Поколение будущего: Взгляд молодых ученых; Т. 5

Bibliographic Details
Parent link:Поколение будущего: Взгляд молодых ученых: материалы II Международной молодежной научной конференции, Курск, 13-15 ноября 2013 г./ Юго-Западный государственный университет (ЮЗГУ) [и др.].— , 2013
Т. 5.— 2013.— C. 190-194
Main Author: Орлова К. Н. Ксения Николаевна
Corporate Authors: Национальный исследовательский Томский политехнический университет (ТПУ) Юргинский технологический институт (филиал) (ЮТИ) Кафедра естественного научного образования (ЕНО), Национальный исследовательский Томский политехнический университет (ТПУ) Юргинский технологический институт (филиал) (ЮТИ) Кафедра безопасности жизнедеятельности, экологии и физического воспитания (БЖДЭФВ)
Other Authors: Дорошенко И. В., Градобоев А. В. Александр Васильевич
Summary:В фонде НТБ ТПУ отсутствует
Language:Russian
Published: 2013
Subjects:
Format: Book Chapter
KOHA link:https://koha.lib.tpu.ru/cgi-bin/koha/opac-detail.pl?biblionumber=601922

MARC

LEADER 00000naa0a2200000 4500
001 601922
005 20250903135654.0
035 |a (RuTPU)RU\TPU\tpu\27099 
035 |a RU\TPU\tpu\27098 
090 |a 601922 
100 |a 20150414d2013 k y0rusy50 ca 
101 0 |a rus 
102 |a RU 
200 1 |a Накопление радионуклидов в городских постройках  |f К. Н. Орлова, И. В. Дорошенко, А. В. Градобоев 
333 |a В фонде НТБ ТПУ отсутствует 
461 1 |t Поколение будущего: Взгляд молодых ученых  |o материалы II Международной молодежной научной конференции, Курск, 13-15 ноября 2013 г.  |o в 6 т.  |f Юго-Западный государственный университет (ЮЗГУ) [и др.]  |d 2013 
463 1 |t Т. 5  |f отв. ред. А. А. Горохов  |v C. 190-194  |d 2013 
610 1 |a труды учёных ТПУ 
610 1 |a радионуклиды 
610 1 |a накопление 
610 1 |a городские постройки 
700 1 |a Орлова  |b К. Н.  |c физик  |c доцент Юргинского технологического института (филиала) Томского политехнического университета, кандидат технических наук  |f 1985-  |g Ксения Николаевна  |3 (RuTPU)RU\TPU\pers\28212  |9 13166 
701 1 |a Дорошенко  |b И. В. 
701 1 |a Градобоев  |b А. В.  |c физик  |c профессор Юргинского технологического института (филиала) Томского политехнического университета, доктор технических наук  |f 1952-  |g Александр Васильевич  |3 (RuTPU)RU\TPU\pers\24213  |9 10707 
712 0 2 |a Национальный исследовательский Томский политехнический университет (ТПУ)  |b Юргинский технологический институт (филиал) (ЮТИ)  |b Кафедра естественного научного образования (ЕНО)  |3 (RuTPU)RU\TPU\col\18894 
712 0 2 |a Национальный исследовательский Томский политехнический университет (ТПУ)  |b Юргинский технологический институт (филиал) (ЮТИ)  |b Кафедра безопасности жизнедеятельности, экологии и физического воспитания (БЖДЭФВ)  |3 (RuTPU)RU\TPU\col\18930 
801 2 |a RU  |b 63413507  |c 20150414  |g RCR 
942 |c BK